02166nam a2200277 4500001000400000003000400004005001700008008004100025040000800066041001300074082001500087100003400102240001300136245007700149260004200226300001200268520145600280650002401736650002001760650001601780650001601796650001001812655001201822655001601834700003801850219OSt20250528074015.0250203b |||||||e |||| 00| 1 eng d bpor hfreapor a843bD952a1 aDuras, Marguerite,d1914-1996 aL´amant aO amante / cDuras, Marguerite ; Tradução de Aulyde Soares Rodrigues aSão PaulobCírculo do Livroc1988 a114 p.  aConsiderado o livro mais autobiográfico da escritora, dramaturga e cineasta Marguerite Duras (1914-1996), O amante, escrito em 1984, recebeu o Prêmio Goncourt, o mais importante da literatura francesa e se consagrou como sua obra mais célebre. O romance narra um episódio da adolescência de Duras: sua iniciação sexual, aos quinze anos e meio, com um chinês rico de Saigon. Se as personagens e fatos são verídicos, a escrita os transfigura e transcende; não sabemos em que medida a história é verdadeira. Os encontros amorosos são, ao mesmo tempo, intensamente prazerosos e infinitamente tristes; a vida da família contrapõe amor e ódio, miséria material e riqueza afetiva. A presença da mãe, sua desgraça financeira e moral, do irmão mais velho, drogado, cruel e venal, e do irmão mais novo, frágil e oprimido, constituem uma existência predominantemente triste, e por vezes trágica, de onde Duras extrai um esplendor artístico que se reflete em sua própria pessoa - personagem enigmática, quase de ficção. Tem sido dito que ler este livro é como folhear um álbum de fotografias - a narrativa se desenrola em torno de uma série de imagens fascinantes. Esse trabalho primoroso com as imagens também pode ser verificado nos mais de vinte filmes dirigidos por Duras e na possibilidade de seus textos se transformarem em filmes, como o fez Jean-Jacques Annaud com O amante em 1991. 0aLiteratura francesa 0aAmor e Paixão 0aHistórico 0aClássicos 0aFilme 0aRomance 0aFicção  aAulyde Soares RodrigueseTradutor